Staff Papers (International Monetary Fund)
محفوظ في:
التنسيق: دورية
اللغة: Undetermined
منشور في:
JSTOR
Palgrave Macmillan Journals
الموضوعات:
الوصول للمادة أونلاين: Login to view Source
الوسوم: إضافة وسم
لا توجد وسوم, كن أول من يضع وسما على هذه التسجيلة!
رقم الطلب:
| LEADER | 00539nas a2200169Ia 4500 | ||
|---|---|---|---|
| 008 | 220214c99999999xx |||||||||||| ||und|| | ||
| 022 | |a 0020-8027 | ||
| 245 | 0 | 0 | |a Staff Papers (International Monetary Fund) |
| 264 | 1 | |b JSTOR | |
| 264 | 1 | |b Palgrave Macmillan Journals | |
| 362 | 0 | |a Vol. 1(1950)-45 (1998) | |
| 653 | 1 | 0 | |a Business & Economics |
| 653 | 1 | 0 | |a Economics |
| 856 | 4 | 0 | |u https://www.jstor.org/journal/stafpapeintemone |
| 942 | |c JL | ||
| 952 | |0 0 |1 0 |4 0 |7 1 |9 37309 |a JSR |b JSR |d 2022-02-14 |l 0 |r 2022-02-14 00:00:00 |w 2022-02-14 |y JL | ||
| 999 | |c 45640 |d 45640 | ||
